The marriage triangle (Record no. 17215)

000 -LEADER
fixed length control field 00535nam a2200181 a 4500
001 - CONTROL NUMBER
control field :::00020967$&:&@@
003 - CONTROL NUMBER IDENTIFIER
control field OkBaRHE
005 - DATE AND TIME OF LATEST TRANSACTION
control field 20060508154215.0
008 - FIXED-LENGTH DATA ELEMENTS--GENERAL INFORMATION
fixed length control field s1984 j 000 0 eng u
040 ## - CATALOGING SOURCE
Transcribing agency
100 1# - MAIN ENTRY--PERSONAL NAME
Personal name Murphy, Leoana Sumrall
245 14 - TITLE STATEMENT
Title The marriage triangle
260 ## - PUBLICATION, DISTRIBUTION, ETC. (IMPRINT)
Place of publication, distribution, etc South Bend Indiana
Name of publisher, distributor, etc LeSea Publishing Company
Date of publication, distribution, etc 1984
300 ## - PHYSICAL DESCRIPTION
Extent p66.
650 ## - SUBJECT ADDED ENTRY--TOPICAL TERM
Topical term or geographic name as entry element Murphy, Leona Sumerall.
942 ## - ADDED ENTRY ELEMENTS (KOHA)
Source of classification or shelving scheme
Koha item type Books
Copies
Barcode Permanent Location Copy number Shelving location Date acquired Damaged status Withdrawn status Date last seen Lost status Full call number Source of classification or shelving scheme Not for loan Koha item type Price effective from
20967RHEMA Bible Training College1General Stacks2010-04-14  2010-04-14 HQ 734 .M8  Books2010-04-14